000 01405nam0a22002891 4500
001 rc\1064056
005 20250622095500.0
035 _a(NLR Aleph) 006224526
090 _a6505859
_c6505859
100 _a20041129d1980 |||y0rusy50 ca
101 0 _arus
102 _aRU
105 _aa |||||||||
200 1 _aАналитический контроль окислительно-восстановительных свойств промышленных сточных вод
_f[Крунчак В.Г., Крунчак М.М., Фесенко Е.П.]
210 _aМ.
_cВНИПИЭИлеспром
_d1980
215 _a44 с.
_cил.
_d21
225 1 _aЦеллюлоза, бумага и картон
_eОбзор. информ.
_fВсесоюз. н.-и. и проект. ин-т экономики, орг. упр. пр-вом и информ. по лесн., целлюлоз.-бум. и деревообрабатывающей пром-сти
_vВып. 3
300 _aВ надзаг. также: М-во лесн. и деревообрабатывающей пром-сти СССР
320 _aБиблиогр.: с. 42-43
700 1 _aКрунчак
_bВ.Г.
_gВладимир Георгиевич
701 1 _aКрунчак
_bМ.М.
701 1 _aФесенко
_bЕ.П.
801 0 _aRU
_bNLR
_gpsbo
801 1 _aRU
_bELAR
_2rusmarc
852 _aNLR
_jП10/5575
942 _cBOOK
980 _aNB